Animovaný film v amatérskej tvorbe
| Hlavní autor: | Urc, Rudolf, 1937-2026 |
|---|---|
| Jazyk: | Slovenština |
| Vydáno: |
Bratislava, 1976 |
| LEADER | 00485nam a22001572a 4500 | ||
|---|---|---|---|
| 001 | 000109712 | ||
| 003 | CZ BrMZK | ||
| 005 | 19961101143423.0 | ||
| 008 | 950101s1976 xo f slo d | ||
| 040 | |a BOA001 |b cze | ||
| 100 | 1 | |a Urc, Rudolf, |d 1937-2026 |7 mzk2002157046 | |
| 245 | 1 | 0 | |a Animovaný film v amatérskej tvorbe |
| 260 | |a Bratislava, |c 1976 | ||
| 910 | |a BOA001 |b X2-0770.699 | ||
| 990 | |a BK | ||
| 996 | 7 | |b 2619999505 |c X2-0770.699 |l MZK |r Sklad / do 24 hodin |n 4 |w 000109712 |u 000010 |a 1 |e BOA001 |j MZK50 |s A | |
English
Čeština 